PHARMACEUTICAL CHEMISTRY FOR DIPLOMA IN PHARMACY : exclusively prepared for d pharma [1st year students ] (Record no. 8783)

MARC details
000 -LEADER
fixed length control field 00535nam a22001577a 4500
005 - DATE AND TIME OF LATEST TRANSACTION
control field 20250904125845.0
008 - FIXED-LENGTH DATA ELEMENTS--GENERAL INFORMATION
fixed length control field 250904b |||||||| |||| 00| 0 eng d
020 ## - INTERNATIONAL STANDARD BOOK NUMBER
ISBN 978-93-7473-721-7
041 ## - LANGUAGE CODE
Language code of text/sound track or separate title eng
100 ## - MAIN ENTRY--AUTHOR NAME
Personal name BENDALE, DR.ATUL R. AHIRE, HARSHALI R. NAPHADE, VAISHALI D AND JADHAV , DR. ANIL G.
245 ## - TITLE STATEMENT
Title PHARMACEUTICAL CHEMISTRY FOR DIPLOMA IN PHARMACY : exclusively prepared for d pharma [1st year students ]
250 ## - EDITION STATEMENT
Edition statement 2025
260 ## - PUBLICATION, DISTRIBUTION, ETC. (IMPRINT)
Place of publication delhi
Name of publisher AITBS PUBLISHERS INDIA
Year of publication 2025
300 ## - PHYSICAL DESCRIPTION
Number of Pages 269;P
942 ## - ADDED ENTRY ELEMENTS (KOHA)
Koha item type Books
Holdings
Lost status Damaged status Collection code Home library Current library Shelving location Date acquired Source of acquisition Cost, normal purchase price Accession Number Koha item type
    PHARMACY JRU Library JRU Library NEW ARRIVAL SHELF 04/09/2025 DONATION 395.00 0067/D Books